Medicínske drony uspěly. Co bude dál?

Drony využívané v oblasti doručovania tovaru a pri kontrolách stavu zásob v skladoch. Projekty firmy Drone Services, Zipline, Uber a Amazon. Medicínske a urgentné zdravotnícke zásielky vo svete. Bezpilotné lietadlá využívané pri kontrole dopravných ciest, ropovodov a plynovodov v ťažko prístupnom te...

Descrizione completa

Salvato in:
Dettagli Bibliografici
Autore principale: Hubička, Filip
Natura: Capitolo di libro
Lingua:ceco
Soggetti:
Tags: Aggiungi Tag
Nessun Tag, puoi essere il primo ad aggiungerne!!

MARC

LEADER 00000naa a2200000 4500
001 0267837
005 20251204130808.2
041 0 |a cze 
044 |a CZ 
245 1 0 |a Medicínske drony uspěly. Co bude dál?  |c Filip Hubička 
520 |a Drony využívané v oblasti doručovania tovaru a pri kontrolách stavu zásob v skladoch. Projekty firmy Drone Services, Zipline, Uber a Amazon. Medicínske a urgentné zdravotnícke zásielky vo svete. Bezpilotné lietadlá využívané pri kontrole dopravných ciest, ropovodov a plynovodov v ťažko prístupnom teréne. 
610 2 0 |a logistika 
610 2 0 |a drony 
610 2 0 |a zásobovanie 
610 2 0 |a doprava 
610 2 0 |a preprava 
610 2 0 |a technológie nové 
100 1 |a Hubička, Filip